000 00839nam a2200277 i 4500
003 DO-SdBNP
005 20260302114739.0
007 ta
008 241219b2014 xxu 000 f spa d
020 _a1940075157
020 _a9781940075150
040 _aDO-SdBNP
_bspa
_cBNPHU
_erda
082 _aRD863.44
_bA185
_222
100 1 _aAcosta, José,
_d1964-
_eautor
_4aut.
_924351
245 1 0 _aUn kilómetro de mar /
_c José Acosta.
264 1 _aSanto Domingo :
_bArtepoética press,
_c2014.
300 _a101 páginas.
_c23 cm.
336 _atexto
_btxt
_2rdacontent
337 _asin mediación
_bn
_2rdamedia
338 _avolumen
_bnc
_2rdacarrier
490 1 _a-novela
500 _aIncluye datos biográficos del autor en la contraportada.
590 _aInventariado, 2024 / YL
910 _aYLockward
942 _2ddc
_cLBS1
999 _c57985
_d57985